Beyond don't (Record no. 81092)

MARC details
000 -LEADER
fixed length control field 00868nam a2200181 a 4500
008 - FIXED-LENGTH DATA ELEMENTS--GENERAL INFORMATION
fixed length control field 120416s1996 ||||||||||||||||| || u
020 ## - INTERNATIONAL STANDARD BOOK NUMBER
International Standard Book Number 0921881401
050 ## - LIBRARY OF CONGRESS CALL NUMBER
Classification number HV 6570.9.C3 Dan
100 ## - MAIN ENTRY--PERSONAL NAME
Personal name Danica, Elly
245 10 - TITLE STATEMENT
Title Beyond don't
246 ## -
-- dreaming past the dark
260 ## - PUBLICATION, DISTRIBUTION, ETC.
Place of publication, distribution, etc. Charlottetown, P.E.I
Name of publisher, distributor, etc. Gynergy books
Date of publication, distribution, etc. 1996
300 ## - PHYSICAL DESCRIPTION
Extent 158p.
350 ## -
-- 0.00
995 ## -
-- ANNEX COLLECTION (Main Library)
-- 0.00
-- 737165
-- CBU-MAIN LIBRARY (Kitwe)
-- 1
-- 18.95
-- HV 6570.9.C3 Dan
-- 1
-- AVAILABLE
-- 40994
-- Annex Low-Usage Collection
995 ## -
-- ANNEX COLLECTION (Main Library)
-- 0.00
-- 737166
-- CBU-MAIN LIBRARY (Kitwe)
-- 2
-- 18.95
-- HV 6570.9.C3 Dan
-- 2
-- AVAILABLE
-- 40995
-- Annex Low-Usage Collection
995 ## -
-- ANNEX COLLECTION (Main Library)
-- 738979
-- CBU-MAIN LIBRARY (Kitwe)
-- 0.00
-- HV 6570.9.C3 Dan
-- 3
-- AVAILABLE
-- Feb 15, 2013
-- 40996
-- Annex Low-Usage Collection
999 ## -
-- 81092
-- 81092
Holdings
Withdrawn status Lost status Source of classification or shelving scheme Damaged status Not for loan Permanent Location Current Location Shelving location Date acquired Total Checkouts Full call number Barcode Date last seen Copy number Price effective from Koha item type
          CBU-MAIN LIBRARY, KITWE. CBU-MAIN LIBRARY, KITWE.   07/19/2023   HV 6570.9.C3 Dan 40994 07/19/2023 1 07/19/2023 MONOGRAPH
          CBU-MAIN LIBRARY, KITWE. CBU-MAIN LIBRARY, KITWE.   07/19/2023   HV 6570.9.C3 Dan 40995 07/19/2023 2 07/19/2023 MONOGRAPH
          CBU-MAIN LIBRARY, KITWE. CBU-MAIN LIBRARY, KITWE.   07/19/2023   HV 6570.9.C3 Dan 40996 07/19/2023 3 07/19/2023 MONOGRAPH